000 00493nam a2200193Ia 4500
003 GCL
008 140319s9999 xx 000 0 eng d
040 _aGCL /
_cGCL
082 0 4 _a708
_bG E
100 1 _aGROTE, LUDWING (EDIT.)
245 1 0 _aEURAPEAN PAINTINGS IN GERMAN ART GALLERIES /
_cGROTE, LUDWING (EDIT.)
260 _a[S.N] :
_bPRESTEL- VERLAG
300 _a144 P
650 0 4 _aGERMANY
650 0 4 _aMUSEUMS
650 0 4 _aPAINTING
650 0 4 _aART GALLERIES
942 _2ddc
_cBK
999 _c22209
_d22209